000
00319nam a22000977a 4500
100
_a
आर्चर,जैफरी
_9
82250
245
_a
केन एंड एबल
260
_a
दिल्ली
_b
राजपाल एण्ड सन्स
_c
2023
650
_a
उपन्यास
942
_c
HIN
999
_c
66743
_d
66743